[Event "Edinburgh Park op"]
[Site "Edinburgh"]
[Date "2024.03.22"]
[Round "1"]
[White "Kopernicky, Martin"]
[Black "Malkin, Jamie"]
[Result "0-1"]
[WhiteElo "1870"]
[BlackElo "2059"]
[PlyCount "104"]
[EventDate "2024.03.22"]
[EventType "swiss"]
[EventRounds "5"]
[EventCountry "SCO"]
[SourceTitle "CB15_2024"]
[SourceDate "2024.04.10"]
[SourceVersion "1"]
[SourceVersionDate "2024.04.10"]
[SourceQuality "1"]

1. d4 d5 2. c4 e6 3. Nc3 Nf6 4. cxd5 exd5 5. Bg5 Bb4 6. e3 h6 7. Bh4 g5 8. Bg3 Ne4 9. Nge2 h5 10. f3 Nxg3 11. Nxg3 Qe7 12. Kf2 Bxc3 13. bxc3 h4 14. Ne2 Be6 15. c4 c6 16. cxd5 cxd5 17. Nc3 Nd7 18. Qb3 Rc8 19. Bd3 Nf6 20. Rab1 Kf8 21. Rhc1 Rc7 22. Nb5 Rxc1 23. Rxc1 a6 24. Nc7 g4 25. Qxb7 g3+ 26. hxg3 hxg3+ 27. Ke2 Bd7 28. Nxd5 Nxd5 29. Qxd5 Rh2 30. Rg1 Bh3 31. Qc5 Bxg2 32. Qxe7+ Kxe7 33. Bxa6 Bh1+ 34. Kd3 Bxf3 35. Rxg3 Be2+ 36. Kc3 Bxa6 37. a4 Ra2 38. Kb3 Ra1 39. Rg5 Bd3 40. Kb4 f6 41. Rg3 Kd6 42. a5 Kd5 43. Rf3 f5 44. Rh3 Ke4 45. Rh4+ Kxe3 46. d5 Be4 47. d6 Rd1 48. Kc5 f4 49. a6 Rd5+ 50. Kb4 Rxd6 51. Kb5 Bd3+ 52. Kc5 Rxa6 0-1

[Event "Ayr op"]
[Site "Ayr"]
[Date "2023.05.20"]
[Round "2"]
[White "Malkin, Jamie"]
[Black "Chisholm, Mike"]
[Result "1-0"]
[WhiteElo "2099"]
[BlackElo "1877"]
[PlyCount "59"]
[EventDate "2023.05.19"]
[EventType "swiss"]
[EventRounds "5"]
[EventCountry "SCO"]
[SourceTitle "EXT 2024"]
[Source "ChessBase"]
[SourceDate "2023.10.10"]
[SourceVersion "1"]
[SourceVersionDate "2023.10.10"]
[SourceQuality "1"]

1. e4 Nf6 2. e5 Nd5 3. d4 d6 4. c4 Nb6 5. exd6 cxd6 6. Nf3 g6 7. h3 Bg7 8. Be2 0-0 9. 0-0 Nc6 10. Nc3 Bf5 11. d5 Na5 12. Nd4 Naxc4 13. a4 Rc8 14. a5 Na8 15. a6 Qb6 16. axb7 Qxb7 17. Nc6 Rxc6 18. dxc6 Qxc6 19. Nd5 Re8 20. Rxa7 Kf8 21. Bxc4 Qxc4 22. Nxe7 Bd3 23. Re1 Nc7 24. b3 Qc5 25. Be3 Qc3 26. Qd2 Rxe7 27. Qxc3 Bxc3 28. Bh6+ Ke8 29. Rxe7+ Kxe7 30. Rxc7+ 1-0

[Event "Ayr op"]
[Site "Ayr"]
[Date "2017.05.28"]
[Round "5"]
[White "Tsang, Sai Kong"]
[Black "Malkin, Jamie"]
[Result "0-1"]
[WhiteElo "1942"]
[BlackElo "2001"]
[PlyCount "64"]
[EventDate "2017.05.26"]
[EventType "swiss"]
[EventRounds "5"]
[EventCountry "SCO"]
[SourceTitle "CBM 178 Extra"]
[Source "ChessBase"]
[SourceDate "2017.06.22"]
[SourceVersion "1"]
[SourceVersionDate "2017.06.22"]
[SourceQuality "1"]

1. e4 c5 2. Nf3 d6 3. g3 g6 4. Bg2 Bg7 5. 0-0 Nc6 6. c3 Nf6 7. Re1 0-0 8. d4 cxd4 9. cxd4 Bg4 10. h3 Bxf3 11. Bxf3 Nd7 12. Be3 e5 13. d5 Nd4 14. Bg2 f5 15. Nc3 f4 16. gxf4 Rxf4 17. Bxd4 exd4 18. Ne2 Rf7 19. Qd2 Qh4 20. Nxd4 Raf8 21. Rf1 Bh6 22. Qe2 Ne5 23. f3 Bf4 24. Ne6 Qg3 25. Nxf4 Rxf4 26. Rac1 Nxf3+ 27. Rxf3 Rxf3 28. Rc3 Rxc3 29. bxc3 Qxc3 30. Kh2 Qe5+ 31. Kh1 Rc8 32. Qd1 Qf4 0-1

[Event "Ayr op"]
[Site "Ayr"]
[Date "2017.05.26"]
[Round "1"]
[White "Berera, Siddharth"]
[Black "Malkin, Jamie"]
[Result "1/2-1/2"]
[WhiteElo "1697"]
[BlackElo "2001"]
[PlyCount "53"]
[EventDate "2017.05.26"]
[EventType "swiss"]
[EventRounds "5"]
[EventCountry "SCO"]
[SourceTitle "CBM 178 Extra"]
[Source "ChessBase"]
[SourceDate "2017.06.22"]
[SourceVersion "1"]
[SourceVersionDate "2017.06.22"]
[SourceQuality "1"]

1. e4 c5 2. Nf3 d6 3. d4 cxd4 4. Nxd4 Nf6 5. Nc3 a6 6. h3 e5 7. Nde2 h5 8. Bg5 Be7 9. Bxf6 Bxf6 10. Nd5 Bg5 11. Nec3 Be6 12. Bc4 Nc6 13. 0-0 Rc8 14. Bb3 Nd4 15. f4 Nxb3 16. axb3 exf4 17. Nxf4 Bxf4 18. Rxf4 Qg5 19. Qxd6 Rd8 20. Qc7 0-0 21. Rf2 Rd2 22. Raf1 Rfd8 23. Nd5 Rxf2 24. Rxf2 Rd7 25. Qf4 Qg6 26. Qf3 Qg5 27. Qf4 1/2-1/2

[Event "Prestwick Airport Major"]
[Site "Prestwick"]
[Date "2011.05.14"]
[Round "2"]
[White "Lampard, Alice"]
[Black "Malkin, Jamie"]
[Result "0-1"]
[WhiteElo "1357"]
[BlackElo "1618"]
[PlyCount "86"]
[EventDate "2011.05.13"]
[EventType "swiss"]
[EventRounds "5"]
[EventCountry "SCO"]
[SourceTitle "EXT 2023"]
[Source "ChessBase"]
[SourceDate "2022.10.05"]
[SourceVersion "1"]
[SourceVersionDate "2022.10.05"]
[SourceQuality "1"]

1. e4 e5 2. Bc4 Nc6 3. Nf3 Bc5 4. c3 Nf6 5. d3 d6 6. h3 h6 7. Nbd2 a6 8. Bb3 0-0 9. 0-0 Kh8 10. Kh1 Nh7 11. Bc2 f5 12. exf5 Bxf5 13. Nb3 Ba7 14. Be3 Qf6 15. Qe2 Bxh3 16. Nxe5 Bxg2+ 17. Kxg2 Nxe5 18. f4 Qg6+ 19. Kh1 Rf5 20. Bd1 Bxe3 21. Qxe3 Ng4 22. Bxg4 Qxg4 23. Rf2 Nf6 24. Rg1 Qh4+ 25. Rh2 Qxf4 26. Qxf4 Rxf4 27. Nd4 Re8 28. Rh3 Re5 29. Rhg3 Rf2 30. R1g2 Rf1+ 31. Rg1 Rh5+ 32. Kg2 Rxg1+ 33. Kxg1 Re5 34. Kf2 c5 35. Nf3 Rf5 36. Ke3 Kh7 37. d4 b5 38. Nd2 c4 39. b3 d5 40. bxc4 bxc4 41. Rg1 Nd7 42. Nb1 Rf6 43. Rg2 g5 0-1